| 000 | 00803cam a2200277 i 4500 | ||
|---|---|---|---|
| 001 | 000018252 | ||
| 003 | DO-SdBNP | ||
| 005 | 20240610152825.0 | ||
| 007 | ta | ||
| 008 | 760831s1984 sp 000 1 spa d | ||
| 020 | _a9688470007 | ||
| 020 | _a9686200975 | ||
| 040 |
_aDO-SdBNP _bspa _cBNPHU _erda |
||
| 082 | 4 |
_aCu863.44 _bC297s _222 |
|
| 100 | 1 |
_aCarpentier, Alejo, _d1904-1980. _98634 _eautor |
|
| 245 | 1 | 3 |
_aEl siglo de las luces / _cAlejo Carpentier. |
| 264 |
_aBarcelona : _bSeix Barral, _c1984. |
||
| 300 |
_a310 páginas ; _c19 cm. |
||
| 336 |
_2rdacontent _atexto _btxt |
||
| 337 |
_2rdmedia _asin mediación _bn |
||
| 338 |
_2rdacarrier _avolumen _bnc |
||
| 490 | _aObras Maestras del Siglo XX, | ||
| 650 | 4 |
_aNovela cubana _92316 |
|
| 650 | 4 |
_aLiteratura cubana _91483 |
|
| 942 |
_2ddc _cLBS1 |
||
| 999 |
_c17773 _d17773 |
||